| 000 | 01087nam a2200325 i 4500 | ||
|---|---|---|---|
| 001 | bg | ||
| 100 | 1 | _aHoffman, Kevin. | |
| 245 | 0 | 0 |
_aMicrosoft Visual C# 2005 : _bkompletny przewodnik po języku C# / _cKevin Hoffman ; [tł. Marcin Winiarski, Tomasz Grochowski, Dariusz Małyszko]. |
| 246 | 1 |
_iTyt. oryg.: _aMicrosoft Visual C# 2005 unleashed |
|
| 260 |
_aGliwice : _bWydawnictwo Helion, _ccop. 2007. |
||
| 300 |
_a682 s. : _bil. ; _c25 cm. |
||
| 490 | 1 | _aKsięga Eksperta | |
| 500 | _aTyt. oryg.: "Microsoft Visual C# 2005 umleashed" 2006. | ||
| 504 | _aIndeks. | ||
| 650 | 9 | _aVisual C#.NET | |
| 655 | _aPodręczniki | ||
| 700 | 1 |
_aWiniarski, Marcin. _eTł. |
|
| 700 | 1 |
_aGrochowski, Tomasz. _eTł. |
|
| 700 | 1 |
_aMałyszko, Dariusz. _eTł. |
|
| 830 | _aKsięga Eksperta | ||
| 020 | _a9788324606641 | ||
| 040 | _cBPK | ||
| 041 | 1 |
_apol _heng |
|
| 044 | _aPOL | ||
| 080 | _a004.438A/Z | ||
| 920 | _a978-83-246-0664-1 | ||
| 942 | _cKS | ||
| 008 | s pl f |000 0 pol | ||
| 999 |
_c55229 _d55229 |
||
| 856 |
_uhttp://koha.tu.koszalin.pl/cgi-bin/koha/opac-detail.pl?biblionumber=55229 _yKatalog online BPK |
||